Bringing fairness to international justice : (Record no. 898)

MARC details
000 -LEADER
fixed length control field 00606nam a22001697a 4500
005 - DATE AND TIME OF INPUT
control field 20231123125336.0
008 - DATA ELEMENTS--GENERAL INFORMATION
fixed length control field 231123b |||||||| |||| 00| 0 eng d
020 ## - INTERNATIONAL STANDARD BOOK NUMBER
International Standard Book Number 9781920114947
041 ## - LANGUAGE CODE
Language code of text English
082 ## - SHELF NUMBER
DDC number 341.48 FOR
100 ## - MAIN AUTHOR
Main author's name Ford, J
Language of a work English
245 ## - TITLE STATEMENT
Title Bringing fairness to international justice :
Sub-title A Handbook on the International Criminal Court for defence lawyers in Africa /
Statement of responsibility, etc. J Ford
260 ## - PUBLICATION, DISTRIBUTION, ETC.
Place of publication, distribution, etc. Pretoria :
Name of publisher, distributor, etc. Institute for Security Studies,
Date of publication, distribution, etc. 2009
300 ## - PHYSICAL DESCRIPTION
Other physical details viii, 83 pages ;
Dimensions 23 cm.
650 ## - SUBJECT`
Broad subject Legal practice
Own subject terms Law
942 ## - ADDED ENTRY ELEMENTS (KOHA)
Item type Books
942 ## - ADDED ENTRY ELEMENTS (KOHA)
-- ALISON_BN_VRIES
Holdings
Source of classification or shelving scheme Not for loan Collection code Home library Current library Shelving location Date acquired Full call number Barcode Price effective from Koha item type
Dewey Decimal Classification   TEXT BOOKS LAW SOCIETY OF NAMIBIA LIBRARY - WINDHOEK LAW SOCIETY OF NAMIBIA LIBRARY - WINDHOEK International law and private international law 11/23/2023 341.48 FOR LSN/2010/37 11/23/2023 Books
Dewey Decimal Classification   TEXT BOOKS LAW SOCIETY OF NAMIBIA LIBRARY - WINDHOEK LAW SOCIETY OF NAMIBIA LIBRARY - WINDHOEK International law and private international law 11/23/2023 341.48 FOR LSN/2010/38 11/23/2023 Books